00485 2200193 4500001002100000005001500021008004100036020002200077035001900099041000700118082001400125090001400139100001600153245004200169250000600211260003500217300002200252650001700274INLIS00000000002263920241224131327241224||||||||| | ||| |||| || |  a978-602-7768-29-1 0010-1224022639 aid0 a630 NUR m a630 NUR m0 aNur Richana00aMenggali Potensi Ubi Kayu & UBi Jalar a1 aBandungbNuansa Cendikiac2013 a124 hlm.; 23,5 cm 0aIlmu Terapan